Normal view
MARC view
- الحديث الموضوع
Entry Topical Term
001 - CONTROL NUMBER
- control field: 10179
003 - CONTROL NUMBER IDENTIFIER
- control field: JO-AjAnu
005 - DATE AND TIME OF LATEST TRANSACTION
- control field: 20230606071932.0
008 - FIXED-LENGTH DATA ELEMENTS
- fixed length control field: 230606|| aca||aabn | a|a d
040 ## - CATALOGING SOURCE
- Original cataloging agency: JO-AjAnu
- Transcribing agency: JO-AjAnu
150 ## - HEADING--TOPICAL TERM
- Topical term or geographic name entry element: الحديث الموضوع
670 ## - SOURCE DATA FOUND
- Source citation: Work cat.: (JO-AjAnu)5243: الحراني، تقي الدين احمد عبد الحليم بن تيميه ، دراسة وتحقيق: أحمد عبد الله باجور, author 10178, أحاديث القصاص